Эволюция хромосом: от А до В и обатно; Природа; № 3

Bibliografische gegevens
Parent link:Природа: естественно-научный журнал/ Российская Академия наук.— , 1912-.— 0032-874X
№ 3.— 2002.— с. 59-66
Hoofdauteur: Рубцов Н. Б. Николай Борисович
Andere auteurs: Бородин П. М. Павел Михайлович
Taal:Russisch
Gepubliceerd in: 2002
Onderwerpen:
Formaat: Hoofdstuk
KOHA link:https://koha.lib.tpu.ru/cgi-bin/koha/opac-detail.pl?biblionumber=383687

MARC

LEADER 00000naa2a2200000 4500
001 383687
005 20231101063148.0
035 |a (RuTPU)RU\TPU\prd\9573 
090 |a 383687 
100 |a 20030106a2002 k y0rusy50 ca 
101 0 |a rus 
102 |a RU 
200 1 |a Эволюция хромосом: от А до В и обатно  |f Н. Б. Рубцов, П. М. Бородин 
461 1 |0 (RuTPU)RU\TPU\prd\304  |x 0032-874X  |t Природа  |o естественно-научный журнал  |f Российская Академия наук  |d 1912- 
463 1 |0 (RuTPU)RU\TPU\prd\72951  |t № 3  |v с. 59-66  |d 2002 
610 1 |a молекулярная генетика 
610 1 |a хромосомы 
610 1 |a фенотипы 
610 1 |a геном 
610 1 |a молекулы ДНК 
700 1 |a Рубцов  |b Н. Б.  |g Николай Борисович 
701 1 |a Бородин  |b П. М.  |g Павел Михайлович 
801 1 |a RU  |b 63413507  |c 20030106  |g PSBO 
801 2 |a RU  |b 63413507  |c 20100119  |g RCR 
942 |c BK